000 006440000a22002050004500
090 _aAR
_b03259
245 1 0 _aHedgerows: an international perspective on their origin, function and management
041 0 _aInglés
650 1 4 _aEspecies maderables
_992882
650 1 4 _aRecursos forestales
_992984
650 1 4 _aUso sostenible
_9344
650 1 4 _aBiodiversidad
_992204
650 1 4 _aArbustos
_993907
650 1 4 _aDistribución
_992865
700 1 _aBunce, R. G.
_996844
700 1 _aBurel, Francoise
_922485
100 1 _aBaudry, Jacques
_922486
942 _cARTICULO
773 1 _tJournal of Environmental Management
_31449
_h60
_q7-22
_d2000
999 _c12312
_d12312